<?xml version="1.0" encoding="UTF-8"?>
<record
    xmlns:xsi="http://www.w3.org/2001/XMLSchema-instance"
    xsi:schemaLocation="http://www.loc.gov/MARC21/slim http://www.loc.gov/standards/marcxml/schema/MARC21slim.xsd"
    xmlns="http://www.loc.gov/MARC21/slim">

  <leader>01962nam a22002057a 4500</leader>
  <controlfield tag="001">991107430586306196</controlfield>
  <controlfield tag="008">241120s2024    xx            ||||||fre d</controlfield>
  <datafield tag="020" ind1=" " ind2=" ">
    <subfield code="a">9782898331398</subfield>
  </datafield>
  <datafield tag="040" ind1=" " ind2=" ">
    <subfield code="c">tbs</subfield>
  </datafield>
  <datafield tag="050" ind1=" " ind2="4">
    <subfield code="a">PQ3919.2</subfield>
  </datafield>
  <datafield tag="100" ind1=" " ind2=" ">
    <subfield code="a">Pleau, Jean-Philippe</subfield>
    <subfield code="9">24944</subfield>
  </datafield>
  <datafield tag="245" ind1="1" ind2="0">
    <subfield code="a">Rue Duplessis </subfield>
    <subfield code="b">: Ma Petite Noirceur : roman (mettons) </subfield>
    <subfield code="c">/ Jean-Philippe Pleau.</subfield>
  </datafield>
  <datafield tag="260" ind1=" " ind2=" ">
    <subfield code="a">Montreal</subfield>
    <subfield code="b">Lux</subfield>
    <subfield code="c">2024.</subfield>
  </datafield>
  <datafield tag="300" ind1=" " ind2=" ">
    <subfield code="a">239 pages</subfield>
  </datafield>
  <datafield tag="520" ind1=" " ind2=" ">
    <subfield code="a">N&#xE9; d&#x2019;un p&#xE8;re analphab&#xE8;te et d&#x2019;une m&#xE8;re peu scolaris&#xE9;e, Jean-Philippe Pleau a grandi &#xE0; Drummondville, rue Duplessis, dans une famille ouvri&#xE8;re. Les circonstances de sa vie lui ont cependant permis de poursuivre des &#xE9;tudes universitaires en sociologie et de devenir animateur de radio. Il est aujourd&#x2019;hui &#xE9;tranger au monde d&#x2019;o&#xF9; il vient, sans vraiment appartenir &#xE0; celui dans lequel il a abouti. Rue Duplessis est l&#x2019;histoire de cette d&#xE9;chirure sociale. Un r&#xE9;cit &#xE9;mouvant o&#xF9; Jean-Philippe Pleau raconte sa migration int&#xE9;rieure, parfois violente, souvent &#xE9;tonnante, jamais banale. Le roman d&#x2019;une vie qui se lit comme une lettre d&#x2019;amour adress&#xE9;e &#xE0; ses parents: un amour s&#xE9;par&#xE9; par une distance de classe.</subfield>
  </datafield>
  <datafield tag="520" ind1=" " ind2=" ">
    <subfield code="a">Born to an illiterate father and a mother with little formal education, Jean-Philippe Pleau grew up in Drummondville, on Duplessis Street, in a working-class family. However, the circumstances of his life allowed him to pursue university studies in sociology and become a radio host. Today, he is a stranger to the world he came from, without truly belonging to the one he has entered.

Rue Duplessis is the story of this social rupture&#x2014;an emotional narrative in which Jean-Philippe Pleau recounts his inner migration: sometimes violent, often surprising, never ordinary. A life story that reads like a love letter to his parents&#x2014;a love divided by class differences.</subfield>
  </datafield>
  <datafield tag="655" ind1=" " ind2="0">
    <subfield code="a">French novels</subfield>
    <subfield code="9">23601</subfield>
  </datafield>
  <datafield tag="942" ind1=" " ind2=" ">
    <subfield code="2">lcc</subfield>
  </datafield>
  <datafield tag="949" ind1=" " ind2=" ">
    <subfield code="w">LC</subfield>
    <subfield code="i">31761118981836</subfield>
    <subfield code="l">ROBARTS</subfield>
    <subfield code="t">Book</subfield>
  </datafield>
  <datafield tag="952" ind1=" " ind2=" ">
    <subfield code="0">0</subfield>
    <subfield code="1">0</subfield>
    <subfield code="2">lcc</subfield>
    <subfield code="4">0</subfield>
    <subfield code="7">0</subfield>
    <subfield code="a">TBS</subfield>
    <subfield code="b">TBS</subfield>
    <subfield code="d">2025-03-20</subfield>
    <subfield code="l">0</subfield>
    <subfield code="o">P-FR PLE</subfield>
    <subfield code="r">2025-03-20</subfield>
    <subfield code="t">1</subfield>
    <subfield code="w">2025-03-20</subfield>
    <subfield code="y">1</subfield>
    <subfield code="z">SOON AVAILABLE</subfield>
  </datafield>
  <datafield tag="999" ind1=" " ind2=" ">
    <subfield code="c">4549</subfield>
    <subfield code="d">4549</subfield>
  </datafield>
</record>
